Numeri primi da 1 a 100 - Morte improvvisa - Statistics

Statistiche generali
  • Questo quiz è stato fatto 908 volte
  • Il punteggio medio è 12 su 25
Answers on the Grid
Answers color-coded by a green-red scale on the quiz's grid according to % correct below.
1
2
3
4
5
6
7
8
9
10
11
12
13
14
15
16
17
18
19
20
21
22
23
24
25
26
27
28
29
30
31
32
33
34
35
36
37
38
39
40
41
42
43
44
45
46
47
48
49
50
51
52
53
54
55
56
57
58
59
60
61
62
63
64
65
66
67
68
69
70
71
72
73
74
75
76
77
78
79
80
81
82
83
84
85
86
87
88
89
90
91
92
93
94
95
96
97
98
99
100
 
Statistiche sulle risposte
Risposta % Corretto
3
93%
7
89%
5
85%
2
82%
13
77%
11
76%
17
74%
19
72%
23
72%
31
60%
29
57%
37
57%
43
45%
41
43%
47
42%
53
21%
59
14%
61
14%
67
14%
71
14%
73
13%
79
13%
83
12%
97
11%
89
10%
Nessun quiz corrispondente trovato
Distribuzione punteggi
Percentuale di utenti per punteggio
Percentile per numero di risposta
I tuoi punteggi nel tempo
Non hai fatto questo quiz